| 000 | 00366 a2200169 4500 | ||
|---|---|---|---|
| 001 | 179326 | ||
| 020 | _a | ||
| 040 | _cMagnum | ||
| 100 | _aPortes, Max de Figueiredo | ||
| 240 | 1 | 0 |
_aToca a flauta, constantino! _lpor |
| 245 | 1 | 0 | _aToca a flauta, constantino! |
| 300 | _a12 | ||
| 362 | 0 | _a1988 | |
| 440 | 1 | _aRHJ | |
| 697 | _aLITERATURA INFANTO | ||
| 942 | _cBK | ||
| 999 |
_c179326 _d179326 |
||